LEADER 00971nam0-22003251i-450- 001 990002027930403321 005 20021010 035 $a000202793 035 $aFED01000202793 035 $a(Aleph)000202793FED01 035 $a000202793 100 $a20021010d--------km-y0itay50------ba 101 0 $aita 200 1 $aMetodo unico particolareggiato per allevamento api - regine selezionate$ead uso di tutti i produttori di miele.$fGaetano Malagola 210 $aBologna$cLicinio Cappelli$d1941 215 $a130 p.$d17 cm 610 0 $aApicoltura 610 0 $aAllevamento 610 0 $aApe Regina 610 0 $aApe 676 $a595.799$a638 700 1$aMalagola,$bGaetano$0360329 801 0$aIT$bUNINA$gRICA$2UNIMARC 901 $aBK 912 $a990002027930403321 952 $a61 XIV D.5/056$b1644$fDAGEN 959 $aDAGEN 996 $aMetodo unico particolareggiato per allevamento api - regine selezionate$9404897 997 $aUNINA DB $aING01 LEADER 01075cam0-2200337-i-450- 001 990004195390403321 005 20070307124817.0 035 $a000419539 035 $aFED01000419539 035 $a(Aleph)000419539FED01 035 $a000419539 100 $a19990604d1961----km-y0itay50------ba 101 2 $agrc$afre 105 $ay-------001yy 200 1 $aOpuscules et lettres$fNicétas Stéthatos$gIntroduction, texte critique, traduction et notes par J. Darrouzès 210 $aParis$cLes éditions du Cerf$d1961 215 $a553 p.$d20 cm 225 1 $aSources chrétiennes$v81 500 10$aEpistulae$m$920146 676 $a230.14 700 1$aNicetas Stethatus$0386684 702 1$aDarrouzès,$bJean 801 0$aIT$bUNINA$gRICA$2UNIMARC 901 $aBK 912 $a990004195390403321 952 $aP2B-590-S.C.-NICET.ST.-405A-1961$bIst.Fil.Cl.61,Bibl.35281$fFLFBC 952 $aDDR-Fonti II- Nicetas Stethatos Ed.3.1$b1786 ddr$fDDR$m21-7841 959 $aFLFBC 959 $aDDR 996 $aEpistulae$920146 997 $aUNINA